000 00620nam a2200193 a 4500
001 000666075
003 AM-YeHGA
005 20250617141756.0
008 090612s1964 ||| r 000 0 rus d
040 _aAM-YeHGA
041 1 _arus
_huzb
100 1 _aЯкубов, Адыл
245 1 0 _aТревога :
_bПовесть /
_cАдыл Якубов; Авториз. пер. с узб. А. Зырина.
260 _aМосква :
_bМол. гвардия,
_c1964.
300 _a206 с. :
_bил.
653 0 _aУзбекская литература
700 1 _aЗырин, А.
_eпер.
_4trl
090 _c246630
999 _c245045
_d245045